| 000 | 01342nam a2200361 a 4500 | ||
|---|---|---|---|
| 001 | 000001855 | ||
| 005 | 20260210113859.0 | ||
| 008 | 090629s2008 cu ac r 001 0 spa d | ||
| 020 | _a9789592113268 | ||
| 040 |
_aDO-SdBNP _bspa _cBNPHU |
||
| 082 |
_a364.177 _bA696d |
||
| 100 | 1 |
_aArías Fernández, Juan Francisco, _d1961- _96029 |
|
| 245 | 1 | 0 |
_aDrogas y mentiras : _bdos agresiones contra Cuba. / _cJuan Francisco Arías Fernández ; edición Ana María Caballero Labaut ; prólogo Enrique Cirules. |
| 260 |
_aLa Habana : _bCapitán San Luis, _c2008. |
||
| 300 |
_a113 p. : _bil., retrs. ; _c23 cm. |
||
| 490 | 1 | _aDenuncia | |
| 500 | _aIncluye datos biográficos del autor en la contracubierta | ||
| 500 | _aIncluye índice | ||
| 504 | _aIncluye bibliografía al pie de las páginas | ||
| 650 | 0 |
_aNarcotráfico _96030 |
|
| 650 | 4 |
_aDrogas _xAspectos sociales _96031 |
|
| 650 | 4 |
_aDrogas _xComercio _96032 |
|
| 651 | 4 |
_aCuba _xSeguridad Nacional _96033 |
|
| 650 | 0 |
_aActividades subversivas _96034 |
|
| 650 | 0 |
_aDrogadicción _96035 |
|
| 650 | 4 |
_aJovenes _xConsumo de drogas _zCuba _96036 |
|
| 650 | 4 |
_aMafia _96037 |
|
| 650 | 4 |
_aCorrupción _96038 |
|
| 700 | 1 |
_aCaballero Labaut, Ana María, _eed. _95834 |
|
| 700 | 1 |
_aCirules, Enrique, _epról. _96039 |
|
| 830 | 0 |
_aDenuncia _95844 |
|
| 910 | _aValidado. Control de calidad. MMOLINA | ||
| 999 |
_c1732 _d1732 |
||